[Event "Poznan op"]
[Site "Poznan"]
[Date "1996.??.??"]
[Round "9"]
[White "Borowski, Z."]
[Black "Jaloszynski, Tadeusz"]
[Result "0-1"]
[WhiteElo "1800"]
[BlackElo "1825"]
[PlyCount "94"]
[EventDate "1996.??.??"]
[EventType "swiss"]
[EventRounds "9"]
[EventCountry "POL"]
[SourceTitle "EXT 2006"]
[Source "ChessBase"]
[SourceDate "2005.11.24"]
[SourceVersion "1"]
[SourceVersionDate "2005.11.24"]
[SourceQuality "1"]

1. e4 c5 2. Nf3 Nc6 3. d4 cxd4 4. Nxd4 g6 5. Nxc6 bxc6 6. Qd4 Nf6 7. e5 Nd5 8. c4 Nb4 9. Qc3 c5 10. a3 Nc6 11. e6 f6 12. exd7+ Qxd7 13. Be3 Nd4 14. b4 e5 15. Bd3 Bb7 16. f3 Rd8 17. Bxd4 exd4 18. Qc2 cxb4 19. 0-0 bxa3 20. Nxa3 Kf7 21. c5 Bh6 22. Bc4+ Kg7 23. Nb5 Be3+ 24. Kh1 a6 25. Nd6 Rb8 26. Nxb7 Rxb7 27. Bxa6 Rc7 28. Rfb1 Qc6 29. Bd3 Qxc5 30. Qxc5 Rxc5 31. Rb7+ Kh6 32. g4 Rc3 33. Be4 d3 34. h4 d2 35. g5+ fxg5 36. hxg5+ Bxg5 37. Kg2 Be3 38. Rh1+ Kg5 39. Rd7 Rc1 40. f4+ Bxf4 41. Rd5+ Kf6 42. Bf3 Rxh1 43. Kxh1 Rc8 44. Kg2 Rc2 45. Kh3 h5 46. Rb5 d1Q 47. Bxd1 Rh2# 0-1

[Event "Poznan op"]
[Site "Poznan"]
[Date "1996.??.??"]
[Round "3"]
[White "Borowski, Z."]
[Black "Lipinski, Dariusz"]
[Result "1-0"]
[WhiteElo "1800"]
[BlackElo "2000"]
[PlyCount "97"]
[EventDate "1996.??.??"]
[EventType "swiss"]
[EventRounds "9"]
[EventCountry "POL"]
[SourceTitle "EXT 2006"]
[Source "ChessBase"]
[SourceDate "2005.11.24"]
[SourceVersion "1"]
[SourceVersionDate "2005.11.24"]
[SourceQuality "1"]

1. e4 c6 2. d4 d5 3. e5 Bf5 4. Nf3 e6 5. c3 c5 6. Bb5+ Nc6 7. 0-0 Qb6 8. Bxc6+ bxc6 9. Nbd2 cxd4 10. cxd4 Bd3 11. Re1 Ne7 12. Nb3 Bg6 13. Bd2 a5 14. Bc3 Nf5 15. Qd2 Bb4 16. Bxb4 axb4 17. Nc5 Bh5 18. Ng5 h6 19. Nh3 Bg4 20. Nf4 Nh4 21. Re3 g5 22. Nfd3 Nf5 23. Ree1 Nxd4 24. Qxb4 Qxb4 25. Nxb4 Rb8 26. a3 Ke7 27. f3 Bxf3 28. gxf3 Nxf3+ 29. Kf2 Nxe5 30. Rxe5 Kd6 31. Nbd3 Rxb2+ 32. Re2 Rxe2+ 33. Kxe2 Rb8 34. a4 f5 35. a5 e5 36. Nxe5 Rb2+ 37. Ke3 Rxh2 38. a6 Kxc5 39. a7 Rh3+ 40. Kd2 Rh2+ 41. Ke3 f4+ 42. Kf3 Rh3+ 43. Kg4 Rg3+ 44. Kf5 h5 45. a8Q h4 46. Qxc6+ Kd4 47. Rd1+ Ke3 48. Rd3+ Kf2 49. Qc2+ 1-0

[Event "Poznan op"]
[Site "Poznan"]
[Date "1996.??.??"]
[Round "2"]
[White "Kuczewski, Marek"]
[Black "Borowski, Z."]
[Result "1-0"]
[WhiteElo "2155"]
[BlackElo "1800"]
[PlyCount "27"]
[EventDate "1996.??.??"]
[EventType "swiss"]
[EventRounds "9"]
[EventCountry "POL"]
[SourceTitle "EXT 2006"]
[Source "ChessBase"]
[SourceDate "2005.11.24"]
[SourceVersion "1"]
[SourceVersionDate "2005.11.24"]
[SourceQuality "1"]

1. e4 c5 2. Nc3 e6 3. g3 g6 4. Bg2 Bg7 5. d3 d6 6. Be3 Nc6 7. Qd2 Bd7 8. Nge2 Nge7 9. Bh6 0-0 10. h4 e5 11. h5 gxh5 12. Rxh5 Ng6 13. Bxg7 Kxg7 14. Qh6+ 1-0